|
|
|
|
| LEADER |
01573nam a2200373 a 4500 |
| 001 |
39737 |
| 003 |
BD-DhAAL |
| 005 |
20221030104908.0 |
| 008 |
221030t1993 nyub b 001 0 eng d |
| 999 |
|
|
|c 45002
|d 45002
|
| 010 |
|
|
|a 92038318
|
| 020 |
|
|
|a 0345384563
|
| 020 |
|
|
|a 0679426000
|
| 040 |
|
|
|a DLC
|c DLC
|d DLC
|d BD-DhAAL
|
| 050 |
0 |
0 |
|a BT98
|b .A65 1993
|
| 082 |
0 |
0 |
|a 291.211
|
| 100 |
1 |
|
|a Armstrong, Karen,
|d 1944-
|9 52040
|
| 245 |
1 |
2 |
|a A history of God :
|b the 4000-year quest of Judaism, Christianity, and Islam /
|c by Karen Armstrong.
|
| 250 |
|
|
|a First American edition
|
| 260 |
|
|
|a New York :
|b A.A. Knopf :
|b Distributed by Random House,
|c 1993.
|
| 300 |
|
|
|a xxiii, 460 pages :
|b maps ;
|c 25 cm.
|
| 500 |
|
|
|a "Originally published in Great Britain by William Heinemann Ltd., London"--T.p. verso.
|
| 504 |
|
|
|a Includes bibliographical references (pages [427]-436) and index.
|
| 541 |
|
|
|a Donated By Akbar Ali Khan
|e 39737
|
| 650 |
|
0 |
|a God
|v Comparative studies.
|9 52041
|
| 650 |
|
0 |
|a God
|x Biblical teaching.
|9 52042
|
| 650 |
|
0 |
|a God (Christianity)
|x History of doctrines.
|9 52043
|
| 650 |
|
0 |
|a God (Islam)
|x History of doctrines.
|9 52044
|
| 650 |
|
0 |
|a God (Judaism)
|x History of doctrines.
|9 52045
|
| 650 |
|
0 |
|a Judaism
|x History of doctrines.
|9 52046
|
| 650 |
|
0 |
|a Islam
|x Doctrines
|x History.
|9 52047
|
| 852 |
|
|
|a Ayesha Abed Library
|c Akbar Ali Khan Collection
|
| 942 |
|
|
|2 ddc
|c BK
|
| 952 |
|
|
|0 0
|1 0
|2 ddc
|4 0
|6 291_211000000000000_ARM
|7 1
|9 72233
|a BRACUL
|b BRACUL
|c AAKC
|d 2022-10-30
|e Donated by Akbar Ali Khan
|l 0
|o 291.211 ARM
|p 3010039737
|r 2022-10-30
|t 1
|w 2022-10-30
|y BK
|